[Event "II Torneio Aberto Internacional de Xadrez de Ferreira do Alentejo"]
[Site "Ferreira do Alentejo - Portugal"]
[Date "2019.12.20"]
[Round "6.1"]
[White "Malakhatko, Vadim"]
[Black "Alekseev, Evgeny"]
[Result "0-1"]
[BlackElo "2620"]
[WhiteElo "2470"]
[LiveChessVersion "1.4.8"]

1. d4 {[%clk 1:30:39]} Nf6 {[%clk 1:28:55]} 2. c4 {[%clk 1:30:57]} e6
{[%clk 1:29:11]} 3. Nc3 {[%clk 1:31:16]} d5 {[%clk 1:27:15]} 4. cxd5
{[%clk 1:30:23]} exd5 {[%clk 1:27:05]} 5. Bg5 {[%clk 1:30:46]} c6
{[%clk 1:26:40]} 6. e3 {[%clk 1:28:40]} Bd6 {[%clk 1:14:35]} 7. Bd3
{[%clk 1:26:41]} Nbd7 {[%clk 1:14:03]} 8. Qc2 {[%clk 1:21:52]} Nf8
{[%clk 1:11:55]} 9. Bh4 {[%clk 1:19:08]} Ng6 {[%clk 1:08:46]} 10. Bg3
{[%clk 1:18:20]} O-O {[%clk 1:05:17]} 11. Nge2 {[%clk 1:09:32]} Re8
{[%clk 1:01:48]} 12. O-O {[%clk 1:09:35]} Bxg3 {[%clk 0:57:02]} 13. Nxg3
{[%clk 1:07:27]} Qd6 {[%clk 0:56:42]} 14. Rfe1 {[%clk 1:06:54]} Bd7
{[%clk 0:53:18]} 15. b4 {[%clk 1:00:20]} Rac8 {[%clk 0:52:13]} 16. a3
{[%clk 1:00:07]} Nf8 {[%clk 0:49:50]} 17. Rac1 {[%clk 0:55:56]} g6
{[%clk 0:44:34]} 18. Qb2 {[%clk 0:55:19]} Ne6 {[%clk 0:41:39]} 19. b5
{[%clk 0:51:09]} c5 {[%clk 0:37:15]} 20. dxc5 {[%clk 0:51:05]} Nxc5
{[%clk 0:37:09]} 21. Red1 {[%clk 0:44:51]} Qe5 {[%clk 0:30:17]} 22. Bf1
{[%clk 0:43:14]} Rc7 {[%clk 0:28:15]} 23. b6 {[%clk 0:19:02]} axb6
{[%clk 0:28:31]} 24. Qxb6 {[%clk 0:19:27]} Rec8 {[%clk 0:26:49]} 25. Qb1
{[%clk 0:14:27]} h5 {[%clk 0:25:13]} 26. Nb5 {[%clk 0:11:53]} h4 {[%clk 0:16:18]}
27. Nxc7 {[%clk 0:11:24]} hxg3 {[%clk 0:16:06]} 28. hxg3 {[%clk 0:08:06]} Rxc7
{[%clk 0:15:00]} 29. Qb4 {[%clk 0:08:27]} Nce4 {[%clk 0:11:01]} 30. Rxc7
{[%clk 0:06:47]} Qxc7 {[%clk 0:11:26]} 31. Bd3 {[%clk 0:06:36]} Nc5
{[%clk 0:08:48]} 32. Be2 {[%clk 0:06:12]} Nce4 {[%clk 0:04:21]} 33. Bd3
{[%clk 0:06:36]} Bc6 {[%clk 0:04:19]} 34. Qd4 {[%clk 0:05:07]} Qe7
{[%clk 0:04:24]} 35. a4 {[%clk 0:03:46]} Qc5 {[%clk 0:02:55]} 36. Qxc5
{[%clk 0:01:46]} Nxc5 {[%clk 0:03:24]} 37. a5 {[%clk 0:02:10]} Nxd3
{[%clk 0:02:53]} 38. Rxd3 {[%clk 0:02:36]} Ne4 {[%clk 0:02:29]} 39. g4
{[%clk 0:00:47]} Kf8 {[%clk 0:00:41]} 40. f3 {[%clk 0:01:08]} Nd6
{[%clk 0:00:48]} 41. e4 {[%clk 0:01:07]} Nc4 {[%clk 0:01:11]} 42. exd5
{[%clk 0:01:13]} Bd7 {[%clk 0:01:10]} 43. d6 {[%clk 0:00:38]} Nxa5
{[%clk 0:01:24]} 44. Rd1 {[%clk 0:00:34]} Ke8 {[%clk 0:01:09]} 45. Re1+
{[%clk 0:00:39]} Be6 {[%clk 0:01:06]} 46. f4 {[%clk 0:00:55]} Kd7
{[%clk 0:01:04]} 47. f5 {[%clk 0:01:12]} Bd5 {[%clk 0:01:00]} 48. fxg6
{[%clk 0:00:35]} fxg6 {[%clk 0:01:26]} 49. Re7+ {[%clk 0:01:01]} Kxd6
{[%clk 0:01:50]} 50. Rg7 {[%clk 0:01:28]} Be4 {[%clk 0:02:15]} 51. Kf2
{[%clk 0:01:56]} Nc4 {[%clk 0:02:07]} 52. Kg3 {[%clk 0:02:22]} b5
{[%clk 0:02:25]} 53. Kf4 {[%clk 0:02:48]} Bc2 {[%clk 0:02:41]} 54. Rb7
{[%clk 0:03:11]} Kc5 {[%clk 0:02:58]} 0-1

[Event "II Torneio Aberto Internacional de Xadrez de Ferreira do Alentejo"]
[Site "Ferreira do Alentejo - Portugal"]
[Date "2019.12.20"]
[Round "6.2"]
[White "Liu, Zhaoqi"]
[Black "Huhndorf, Arnold"]
[Result "1-0"]
[BlackElo "2220"]
[WhiteElo "2380"]
[LiveChessVersion "1.4.8"]

1. c4 {[%clk 1:30:14]} Nf6 {[%clk 1:29:43]} 2. Nc3 {[%clk 1:30:27]} g6
{[%clk 1:30:06]} 3. g3 {[%clk 1:30:48]} Bg7 {[%clk 1:30:30]} 4. Bg2
{[%clk 1:31:15]} O-O {[%clk 1:30:49]} 5. d4 {[%clk 1:31:40]} c5 {[%clk 1:30:55]}
6. d5 {[%clk 1:28:41]} d6 {[%clk 1:30:43]} 7. Nf3 {[%clk 1:28:50]} e6
{[%clk 1:30:19]} 8. dxe6 {[%clk 1:29:16]} fxe6 {[%clk 1:20:39]} 9. O-O
{[%clk 1:27:45]} Nc6 {[%clk 1:17:08]} 10. Bg5 {[%clk 1:27:32]} h6
{[%clk 1:14:26]} 11. Bxf6 {[%clk 1:27:48]} Bxf6 {[%clk 1:14:45]} 12. Qd3
{[%clk 1:26:03]} Kg7 {[%clk 1:11:17]} 13. Rad1 {[%clk 1:25:38]} Be7
{[%clk 1:06:37]} 14. Ne4 {[%clk 1:19:38]} d5 {[%clk 1:05:38]} 15. cxd5
{[%clk 1:18:46]} exd5 {[%clk 1:05:44]} 16. Nxc5 {[%clk 1:18:43]} Qa5
{[%clk 1:02:11]} 17. Nb3 {[%clk 0:52:47]} Qxa2 {[%clk 1:00:33]} 18. Qc3+
{[%clk 0:52:44]} Bf6 {[%clk 1:00:34]} 19. Nfd4 {[%clk 0:53:07]} Nxd4
{[%clk 0:50:39]} 20. Nxd4 {[%clk 0:53:30]} Qc4 {[%clk 0:50:29]} 21. Qe3
{[%clk 0:53:53]} Bd7 {[%clk 0:40:56]} 22. b3 {[%clk 0:54:12]} Qb4
{[%clk 0:40:10]} 23. Nc2 {[%clk 0:45:18]} Qb6 {[%clk 0:33:43]} 24. Qxb6
{[%clk 0:33:30]} axb6 {[%clk 0:34:07]} 25. Nb4 {[%clk 0:33:45]} d4
{[%clk 0:28:09]} 26. Nd5 {[%clk 0:32:24]} Bb5 {[%clk 0:28:20]} 27. Nxf6
{[%clk 0:29:48]} Rxf6 {[%clk 0:28:25]} 28. Rxd4 {[%clk 0:29:29]} Bxe2
{[%clk 0:28:03]} 29. Re1 {[%clk 0:29:54]} Ra2 {[%clk 0:26:50]} 30. Rd7+
{[%clk 0:28:04]} Rf7 {[%clk 0:26:22]} 31. Rxf7+ {[%clk 0:28:12]} Kxf7
{[%clk 0:26:48]} 32. Bxb7 {[%clk 0:28:38]} Rb2 {[%clk 0:24:58]} 33. Kg2
{[%clk 0:25:24]} Kf6 {[%clk 0:24:15]} 34. Bd5 {[%clk 0:25:35]} g5
{[%clk 0:22:56]} 35. h3 {[%clk 0:20:42]} h5 {[%clk 0:20:33]} 36. Bc4
{[%clk 0:14:23]} Bxc4 {[%clk 0:20:22]} 37. bxc4 {[%clk 0:14:51]} Rc2
{[%clk 0:18:58]} 38. Re4 {[%clk 0:13:30]} Kf5 {[%clk 0:18:52]} 39. Rd4
{[%clk 0:13:59]} Ke5 {[%clk 0:18:52]} 40. Rd5+ {[%clk 0:14:27]} Kf6
{[%clk 0:19:03]} 41. Rd6+ {[%clk 0:14:11]} Kg7 {[%clk 0:09:34]} 42. Rc6
{[%clk 0:14:35]} Rc3 {[%clk 0:08:30]} 43. f4 {[%clk 0:13:25]} gxf4
{[%clk 0:06:41]} 44. gxf4 {[%clk 0:13:53]} h4 {[%clk 0:06:49]} 45. Rxb6
{[%clk 0:13:28]} Rxc4 {[%clk 0:04:33]} 46. Kf3 {[%clk 0:13:51]} Rc1
{[%clk 0:03:26]} 47. Kg4 {[%clk 0:13:45]} Rf1 {[%clk 0:03:32]} 48. Kg5
{[%clk 0:13:06]} Rg1+ {[%clk 0:02:44]} 49. Kxh4 {[%clk 0:13:30]} Kf7
{[%clk 0:02:51]} 50. Kh5 {[%clk 0:13:19]} Rg3 {[%clk 0:02:56]} 51. h4
{[%clk 0:13:29]} Rg1 {[%clk 0:03:17]} 52. Rb5 {[%clk 0:07:02]} Kf6
{[%clk 0:03:42]} 53. Rg5 {[%clk 0:07:30]} Rh1 {[%clk 0:03:32]} 54. Kg4
{[%clk 0:07:51]} Rg1+ {[%clk 0:03:30]} 55. Kf3 {[%clk 0:08:18]} Rh1
{[%clk 0:03:09]} 56. h5 {[%clk 0:08:42]} Rh4 {[%clk 0:02:56]} 57. Ra5
{[%clk 0:08:14]} Rh1 {[%clk 0:02:45]} 58. Rb5 {[%clk 0:08:39]} Rh4
{[%clk 0:02:48]} 59. Ke4 {[%clk 0:08:59]} Rh1 {[%clk 0:01:34]} 60. Rb6+
{[%clk 0:09:23]} Kf7 {[%clk 0:01:30]} 61. h6 {[%clk 0:09:16]} Rh5
{[%clk 0:01:50]} 62. Ra6 {[%clk 0:09:00]} Rh1 {[%clk 0:01:00]} 63. Kf5
{[%clk 0:08:49]} Rh5+ {[%clk 0:01:27]} 64. Kg4 {[%clk 0:09:13]} Rh1
{[%clk 0:01:52]} 65. Kg5 {[%clk 0:09:34]} Rg1+ {[%clk 0:02:04]} 66. Kf5
{[%clk 0:09:51]} Rh1 {[%clk 0:02:04]} 67. Ra7+ {[%clk 0:09:59]} Kg8
{[%clk 0:02:28]} 68. Kg6 {[%clk 0:10:00]} Rg1+ {[%clk 0:02:57]} 69. Kf6
{[%clk 0:10:22]} Rh1 {[%clk 0:03:12]} 70. Ra8+ {[%clk 0:09:44]} Kh7
{[%clk 0:03:39]} 71. f5 {[%clk 0:09:51]} Rxh6+ {[%clk 0:03:59]} 72. Kf7
{[%clk 0:10:10]} Rb6 {[%clk 0:03:54]} 73. Re8 {[%clk 0:10:29]} Rb1
{[%clk 0:02:29]} 74. f6 {[%clk 0:09:54]} Rb6 {[%clk 0:01:20]} 75. Re6
{[%clk 0:08:16]} Rb7+ {[%clk 0:01:41]} 76. Kf8 {[%clk 0:07:46]} Rb8+
{[%clk 0:01:06]} 77. Re8 {[%clk 0:08:09]} Rb6 {[%clk 0:01:27]} 78. f7
{[%clk 0:08:08]} Rb7 {[%clk 0:00:34]} 79. Rd8 {[%clk 0:08:19]} Rb1
{[%clk 0:00:35]} 80. Ke8 {[%clk 0:07:59]} Re1+ {[%clk 0:00:56]} 81. Kd7
{[%clk 0:08:13]} Rd1+ {[%clk 0:01:18]} 82. Kc7 {[%clk 0:08:29]} Rc1+
{[%clk 0:00:40]} 83. Kb6 {[%clk 0:08:53]} 1-0

[Event "II Torneio Aberto Internacional de Xadrez de Ferreira do Alentejo"]
[Site "Ferreira do Alentejo - Portugal"]
[Date "2019.12.20"]
[Round "6.3"]
[White "Chatalbashev, Boris"]
[Black "Carrasco Martinez, Juan"]
[Result "0-1"]
[BlackElo "2385"]
[WhiteElo "2542"]
[BlackTeam ""]
[LiveChessVersion "1.4.8"]

1. d4 {[%clk 1:30:19]} Nf6 {[%clk 1:30:54]} 2. c4 {[%clk 1:30:28]} c5
{[%clk 1:31:20]} 3. d5 {[%clk 1:30:53]} b5 {[%clk 1:31:48]} 4. cxb5
{[%clk 1:31:16]} a6 {[%clk 1:32:13]} 5. bxa6 {[%clk 1:31:41]} g6 {[%clk 1:32:34]}
6. Nc3 {[%clk 1:32:04]} Bxa6 {[%clk 1:31:49]} 7. e4 {[%clk 1:31:35]} Bxf1
{[%clk 1:31:33]} 8. Kxf1 {[%clk 1:32:00]} d6 {[%clk 1:31:51]} 9. g3
{[%clk 1:32:14]} Bg7 {[%clk 1:32:13]} 10. Kg2 {[%clk 1:32:38]} O-O
{[%clk 1:32:10]} 11. Nf3 {[%clk 1:33:03]} Na6 {[%clk 1:28:25]} 12. Qe2
{[%clk 1:30:03]} Nd7 {[%clk 1:26:48]} 13. h4 {[%clk 1:25:36]} Qb6
{[%clk 1:20:02]} 14. h5 {[%clk 1:25:25]} Nc7 {[%clk 1:19:41]} 15. hxg6
{[%clk 1:24:30]} fxg6 {[%clk 1:19:01]} 16. Bh6 {[%clk 1:20:42]} Bxh6
{[%clk 1:11:48]} 17. Rxh6 {[%clk 1:21:00]} Rf7 {[%clk 1:11:54]} 18. Ng5
{[%clk 1:18:56]} Rg7 {[%clk 1:12:19]} 19. Rd1 {[%clk 0:54:19]} Nf6
{[%clk 1:05:24]} 20. f4 {[%clk 0:50:33]} Qb7 {[%clk 1:01:26]} 21. Rd2
{[%clk 0:46:51]} Rb8 {[%clk 0:55:29]} 22. a3 {[%clk 0:33:42]} Qa8
{[%clk 0:46:59]} 23. Qd1 {[%clk 0:24:15]} Qa6 {[%clk 0:43:33]} 24. e5
{[%clk 0:23:26]} Nh5 {[%clk 0:39:23]} 25. Qe2 {[%clk 0:16:30]} Qc8
{[%clk 0:33:13]} 26. Nce4 {[%clk 0:14:30]} Qf5 {[%clk 0:25:09]} 27. exd6
{[%clk 0:09:14]} Nxd5 {[%clk 0:23:52]} 28. dxe7 {[%clk 0:09:28]} Rxe7
{[%clk 0:18:15]} 29. Qc4 {[%clk 0:09:49]} Rd8 {[%clk 0:18:10]} 30. Nc3
{[%clk 0:08:47]} Nhf6 {[%clk 0:13:59]} 31. Nxd5 {[%clk 0:08:43]} Nxd5 32. Rh1
{[%clk 0:08:00]} Kf8 {[%clk 0:11:56]} 33. Kf2 {[%clk 0:07:30]} Rde8
{[%clk 0:10:04]} 34. Nxh7+ {[%clk 0:06:21]} Kg7 {[%clk 0:09:53]} 35. Rhd1
{[%clk 0:02:24]} Qh5 {[%clk 0:07:40]} 36. Qxd5 {[%clk 0:01:41]} Qh2+
{[%clk 0:06:38]} 37. Kf1 {[%clk 0:01:49]} Qxg3 {[%clk 0:05:58]} 38. Qd7
{[%clk 0:00:45]} Rxd7 {[%clk 0:05:27]} 39. Rxd7+ {[%clk 0:01:13]} Kh6
{[%clk 0:05:49]} 40. R7d3 {[%clk 0:00:44]} Qxf4+ {[%clk 0:05:53]} 41. Kg1
{[%clk 0:01:05]} Kxh7 {[%clk 0:05:56]} 42. Rf1 {[%clk 0:00:54]} Qg4+
{[%clk 0:06:08]} 43. Kh1 {[%clk 0:01:18]} Re2 {[%clk 0:05:49]} 0-1

[Event "II Torneio Aberto Internacional de Xadrez de Ferreira do Alentejo"]
[Site "Ferreira do Alentejo - Portugal"]
[Date "2019.12.20"]
[Round "6.4"]
[White "Maksimenko, Andrei"]
[Black "Li, Zhuoling"]
[Result "1-0"]
[BlackElo "2158"]
[WhiteElo "2463"]
[LiveChessVersion "1.4.8"]

1. Nf3 {[%clk 1:31:14]} Nf6 {[%clk 1:29:13]} 2. c4 g6 3. Nc3 {[%clk 1:31:34]} d5
{[%clk 1:29:38]} 4. cxd5 {[%clk 1:31:55]} Nxd5 {[%clk 1:29:55]} 5. h4
{[%clk 1:32:17]} h6 {[%clk 1:27:34]} 6. Qb3 {[%clk 1:32:37]} Nb6 {[%clk 1:27:11]}
7. d4 {[%clk 1:33:02]} Bg7 {[%clk 1:14:01]} 8. e4 {[%clk 1:28:15]} O-O
{[%clk 1:12:03]} 9. Be3 {[%clk 1:11:23]} Bg4 {[%clk 0:59:20]} 10. Rd1
{[%clk 0:57:52]} N8d7 {[%clk 0:55:36]} 11. a4 {[%clk 0:51:23]} a5
{[%clk 0:35:58]} 12. Rd2 {[%clk 0:42:40]} e5 {[%clk 0:12:38]} 13. d5
{[%clk 0:43:02]} Bxf3 {[%clk 0:12:43]} 14. gxf3 {[%clk 0:30:09]} Qf6
{[%clk 0:09:56]} 15. d6 {[%clk 0:25:37]} Rfc8 {[%clk 0:09:25]} 16. Bh3
{[%clk 0:24:36]} Qxf3 {[%clk 0:09:17]} 17. Rh2 {[%clk 0:19:32]} c5 18. h5 g5
{[%clk 0:02:48]} 19. Bf5 {[%clk 0:18:43]} g4 20. Qb5 {[%clk 0:11:25]} Rd8
{[%clk 0:01:08]} 21. Ne2 {[%clk 0:11:29]} Nf6 {[%clk 0:00:36]} 22. Ng1
{[%clk 0:11:11]} 1-0

[Event "II Torneio Aberto Internacional de Xadrez de Ferreira do Alentejo"]
[Site "Ferreira do Alentejo - Portugal"]
[Date "2019.12.20"]
[Round "6.5"]
[White "Nie, Xin"]
[Black "Schmitz, Manuela"]
[Result "1-0"]
[BlackElo "1914"]
[WhiteElo "2210"]
[LiveChessVersion "1.4.8"]

1. d4 d5 {[%clk 1:31:15]} 2. c4 {[%clk 1:29:39]} e6 {[%clk 1:31:33]} 3. Nc3 Nf6
{[%clk 1:31:55]} 4. cxd5 {[%clk 1:29:43]} exd5 {[%clk 1:32:11]} 5. Bg5
{[%clk 1:30:16]} Be7 {[%clk 1:32:00]} 6. e3 {[%clk 1:30:40]} c6 {[%clk 1:31:57]}
7. Qc2 {[%clk 1:30:43]} Nbd7 8. Bd3 {[%clk 1:30:47]} Nf8 {[%clk 1:31:32]} 9. h3
{[%clk 1:31:07]} Ne6 {[%clk 1:24:44]} 10. Bh4 Nh5 {[%clk 1:25:05]} 11. Bxe7
{[%clk 1:30:46]} Qxe7 {[%clk 1:21:51]} 12. O-O-O {[%clk 1:27:15]} Nf6
{[%clk 1:18:34]} 13. Nf3 {[%clk 1:26:41]} Bd7 {[%clk 1:15:12]} 14. Ne5
{[%clk 1:25:14]} O-O-O {[%clk 1:08:00]} 15. f4 {[%clk 1:19:40]} Nc7
{[%clk 1:03:27]} 16. Na4 {[%clk 1:09:56]} Kb8 {[%clk 1:02:26]} 17. Nc5
{[%clk 1:05:24]} Bc8 {[%clk 1:01:46]} 18. Qb3 {[%clk 0:56:47]} Ka8
{[%clk 0:59:00]} 19. Rhe1 {[%clk 0:53:30]} Ne6 {[%clk 0:58:49]} 20. Nxe6
{[%clk 0:53:21]} Bxe6 {[%clk 0:58:47]} 21. f5 {[%clk 0:44:47]} Bc8
{[%clk 0:51:15]} 22. Kb1 {[%clk 0:43:40]} Rhe8 {[%clk 0:50:13]} 23. Rc1
{[%clk 0:43:04]} Nd7 {[%clk 0:46:30]} 24. Nf3 {[%clk 0:42:45]} f6
{[%clk 0:44:23]} 25. a4 {[%clk 0:42:57]} Qd6 {[%clk 0:43:34]} 26. a5
{[%clk 0:41:54]} c5 {[%clk 0:41:30]} 27. Qa3 {[%clk 0:42:11]} Qc6
{[%clk 0:41:25]} 28. dxc5 {[%clk 0:41:07]} Ne5 {[%clk 0:40:25]} 29. Nd4
{[%clk 0:38:59]} Qd7 {[%clk 0:40:19]} 30. Bb5 {[%clk 0:37:06]} Nc6 31. Ne6
{[%clk 0:37:31]} Rxe6 {[%clk 0:40:38]} 32. fxe6 {[%clk 0:36:40]} Qxe6
{[%clk 0:38:18]} 33. Bd3 {[%clk 0:35:31]} Qe5 {[%clk 0:37:15]} 34. a6
{[%clk 0:35:31]} f5 {[%clk 0:37:12]} 35. Qa4 {[%clk 0:34:39]} Rd7
{[%clk 0:37:23]} 36. Bb5 {[%clk 0:32:30]} Rc7 {[%clk 0:36:37]} 37. Qf4
{[%clk 0:32:30]} Qe7 {[%clk 0:33:33]} 38. Red1 Be6 {[%clk 0:33:52]} 39. Qd6
{[%clk 0:29:57]} Qf7 {[%clk 0:30:29]} 40. Rc3 {[%clk 0:29:00]} f4
{[%clk 0:30:49]} 41. axb7+ {[%clk 0:29:00]} Kxb7 {[%clk 0:30:49]} 42. Bxc6+
{[%clk 0:29:14]} 1-0

[Event "II Torneio Aberto Internacional de Xadrez de Ferreira do Alentejo"]
[Site "Ferreira do Alentejo - Portugal"]
[Date "2019.12.20"]
[Round "6.6"]
[White "Figuero Toro, Julian Francisco"]
[Black "Wesslen, Ulf"]
[Result "0-1"]
[BlackElo "1932"]
[WhiteElo "2240"]
[WhiteTeam "Cx Montemor-O-Velho/Ctga"]
[LiveChessVersion "1.4.8"]

1. Nf3 {[%clk 1:30:55]} c5 2. e4 {[%clk 1:31:13]} e6 {[%clk 1:30:53]} 3. g3
{[%clk 1:31:34]} Nc6 {[%clk 1:30:36]} 4. Bg2 {[%clk 1:32:00]} Qc7
{[%clk 1:29:06]} 5. O-O {[%clk 1:32:23]} Nf6 {[%clk 1:25:52]} 6. Re1
{[%clk 1:32:41]} Be7 {[%clk 1:25:46]} 7. Nc3 {[%clk 1:23:42]} a6 {[%clk 1:21:41]}
8. d4 {[%clk 1:21:20]} cxd4 {[%clk 1:19:51]} 9. Nxd4 {[%clk 1:19:11]} O-O
{[%clk 1:15:52]} 10. Nxc6 {[%clk 1:17:27]} dxc6 {[%clk 1:15:12]} 11. e5
{[%clk 1:16:05]} Rd8 {[%clk 1:13:10]} 12. Qe2 {[%clk 1:07:47]} Nd5
{[%clk 1:08:50]} 13. Bd2 {[%clk 1:05:09]} b5 {[%clk 1:05:57]} 14. a4
{[%clk 0:56:08]} b4 {[%clk 1:01:09]} 15. Nxd5 {[%clk 0:53:15]} cxd5
{[%clk 1:01:14]} 16. c4 {[%clk 0:53:15]} bxc3 {[%clk 0:56:34]} 17. Bxc3
{[%clk 0:53:21]} a5 {[%clk 0:54:24]} 18. Rec1 {[%clk 0:52:54]} Ba6
{[%clk 0:51:15]} 19. Qe3 {[%clk 0:51:09]} Bc4 {[%clk 0:48:45]} 20. Bd4
{[%clk 0:50:51]} Qb8 {[%clk 0:46:03]} 21. Bf1 {[%clk 0:49:50]} Bxf1
{[%clk 0:42:55]} 22. Kxf1 {[%clk 0:50:06]} Qb7 23. Rc2 {[%clk 0:31:02]} Rdc8
{[%clk 0:41:47]} 24. Rac1 {[%clk 0:31:02]} Bb4 {[%clk 0:35:34]} 25. Qe2
{[%clk 0:27:27]} h6 {[%clk 0:29:42]} 26. Qb5 {[%clk 0:26:11]} Rxc2
{[%clk 0:29:38]} 27. Rxc2 {[%clk 0:26:00]} Rb8 {[%clk 0:28:11]} 28. Qxb7
{[%clk 0:24:05]} Rxb7 {[%clk 0:28:32]} 29. Rc8+ {[%clk 0:19:05]} Kh7
{[%clk 0:28:54]} 30. Ke2 {[%clk 0:19:29]} Kg6 {[%clk 0:28:20]} 31. Kd3
{[%clk 0:19:28]} Kf5 {[%clk 0:21:31]} 32. h3 {[%clk 0:17:55]} Be1
{[%clk 0:20:03]} 33. Ke2 {[%clk 0:12:45]} Ke4 {[%clk 0:17:21]} 34. Be3
{[%clk 0:12:20]} Bb4 {[%clk 0:14:36]} 35. f4 {[%clk 0:12:34]} Be7
{[%clk 0:14:22]} 36. Bc1 {[%clk 0:12:07]} d4 {[%clk 0:10:53]} 37. Rc4
{[%clk 0:11:57]} Rb3 {[%clk 0:09:24]} 38. Rc7 {[%clk 0:12:04]} Bb4
{[%clk 0:09:23]} 39. Rxf7 {[%clk 0:11:43]} Rxg3 {[%clk 0:09:40]} 40. f5
{[%clk 0:11:53]} Rg2+ {[%clk 0:07:36]} 41. Kf1 {[%clk 0:12:01]} Rc2
{[%clk 0:07:30]} 42. Bf4 {[%clk 0:10:14]} Kxf4 {[%clk 0:06:19]} 43. fxe6+
{[%clk 0:10:35]} Ke3 {[%clk 0:03:32]} 44. e7 {[%clk 0:10:34]} Rc8
{[%clk 0:03:38]} 45. Rxg7 {[%clk 0:08:23]} Re8 {[%clk 0:03:20]} 46. Rg3+
{[%clk 0:06:44]} Kd2 {[%clk 0:02:37]} 0-1

[Event "II Torneio Aberto Internacional de Xadrez de Ferreira do Alentejo"]
[Site "Ferreira do Alentejo - Portugal"]
[Date "2019.12.20"]
[Round "6.7"]
[White "Schmitz, Andreas Arnold"]
[Black "Fernandes, Antonio"]
[Result "0-1"]
[BlackElo "2361"]
[WhiteElo "2013"]
[BlackTeam "Ax Portugal / Atlantidiag"]
[LiveChessVersion "1.4.8"]

1. e4 {[%clk 1:31:17]} c5 {[%clk 1:21:23]} 2. c3 Nf6 {[%clk 1:21:51]} 3. e5
{[%clk 1:31:39]} Nd5 {[%clk 1:22:20]} 4. d4 {[%clk 1:31:58]} cxd4
{[%clk 1:22:20]} 5. cxd4 {[%clk 1:32:36]} d6 {[%clk 1:16:51]} 6. Nf3 e6
{[%clk 1:17:01]} 7. Be2 {[%clk 1:29:35]} Bd7 {[%clk 1:17:28]} 8. O-O
{[%clk 1:28:37]} Bc6 {[%clk 1:16:49]} 9. Nc3 {[%clk 1:25:48]} Be7
{[%clk 1:16:40]} 10. Nb5 {[%clk 1:25:12]} O-O {[%clk 1:16:40]} 11. exd6
{[%clk 1:25:12]} Bxd6 {[%clk 1:17:04]} 12. Nxd6 {[%clk 1:25:12]} Qxd6
{[%clk 1:13:31]} 13. Ne5 {[%clk 1:15:41]} Rd8 {[%clk 1:13:15]} 14. Bd3
{[%clk 1:14:24]} Nf6 {[%clk 1:12:51]} 15. Be3 {[%clk 1:13:12]} Nbd7
{[%clk 1:10:29]} 16. Nxc6 {[%clk 1:12:08]} Qxc6 {[%clk 1:06:07]} 17. Qb3
{[%clk 1:10:14]} Nb6 {[%clk 1:05:06]} 18. Rac1 {[%clk 1:03:23]} Qd6
{[%clk 0:59:26]} 19. h3 {[%clk 0:59:40]} Nfd5 {[%clk 0:57:56]} 20. Be4
{[%clk 0:52:21]} Rd7 {[%clk 0:36:32]} 21. Rc5 {[%clk 0:48:17]} Re8
{[%clk 0:30:33]} 22. Rfc1 {[%clk 0:46:12]} Nxe3 {[%clk 0:31:02]} 23. fxe3
{[%clk 0:40:15]} g6 {[%clk 0:30:38]} 24. a4 {[%clk 0:34:58]} Ree7
{[%clk 0:23:24]} 25. Bf3 {[%clk 0:29:31]} Nd5 {[%clk 0:22:24]} 26. Qa3
{[%clk 0:25:44]} Kg7 {[%clk 0:16:22]} 27. b4 {[%clk 0:23:36]} b6 {[%clk 0:14:09]}
28. R5c4 {[%clk 0:17:57]} a5 {[%clk 0:02:35]} 29. e4 {[%clk 0:16:14]} axb4
{[%clk 0:02:48]} 30. Qb3 {[%clk 0:15:59]} Nc3 {[%clk 0:03:08]} 31. Rxb4
{[%clk 0:13:41]} Na2 {[%clk 0:03:35]} 32. Rcc4 {[%clk 0:13:41]} Nxb4
{[%clk 0:03:35]} 33. Rxb4 {[%clk 0:13:57]} Rc7 {[%clk 0:01:30]} 34. e5
{[%clk 0:14:04]} Qd8 {[%clk 0:01:53]} 35. Qb2 {[%clk 0:14:04]} Red7 36. d5
{[%clk 0:12:54]} Qg5 {[%clk 0:00:58]} 37. d6 {[%clk 0:11:17]} Rc5
{[%clk 0:00:52]} 38. Rb5 {[%clk 0:11:06]} Qe3+ {[%clk 0:00:46]} 39. Kh2
{[%clk 0:10:55]} Qf4+ {[%clk 0:01:02]} 40. g3 {[%clk 0:10:55]} Qxf3
{[%clk 0:01:30]} 41. Rxc5 {[%clk 0:09:14]} bxc5 {[%clk 0:01:44]} 42. a5
{[%clk 0:07:29]} Rb7 {[%clk 0:01:35]} 43. Qc1 {[%clk 0:07:53]} Qf2+
{[%clk 0:01:51]} 44. Kh1 Rb2 0-1

[Event "II Torneio Aberto Internacional de Xadrez de Ferreira do Alentejo"]
[Site "Ferreira do Alentejo - Portugal"]
[Date "2019.12.20"]
[Round "6.8"]
[White "Guerreiro, Nuno"]
[Black "Dong, Rafael"]
[Result "1-0"]
[BlackElo "1571"]
[WhiteElo "2083"]
[WhiteTeam "ADRC Mata de Benfica"]
[BlackTeam "CX Sintra"]
[LiveChessVersion "1.4.8"]

1. Nf3 {[%clk 1:20:17]} Nf6 {[%clk 1:30:53]} 2. g3 {[%clk 1:20:43]} g6
{[%clk 1:31:16]} 3. Bg2 {[%clk 1:21:09]} Bg7 {[%clk 1:31:39]} 4. O-O
{[%clk 1:21:35]} O-O {[%clk 1:32:00]} 5. c4 {[%clk 1:22:02]} c6 {[%clk 1:32:22]}
6. d4 {[%clk 1:22:24]} d5 {[%clk 1:32:46]} 7. cxd5 {[%clk 1:22:25]} cxd5
{[%clk 1:33:07]} 8. Nc3 {[%clk 1:22:49]} Ne4 {[%clk 1:33:28]} 9. Nxe4
{[%clk 1:21:57]} dxe4 {[%clk 1:33:51]} 10. Ne5 {[%clk 1:22:20]} Qd5
{[%clk 1:34:11]} 11. Be3 {[%clk 1:16:10]} Nd7 {[%clk 1:30:04]} 12. Nd3
{[%clk 1:06:17]} Nb6 {[%clk 1:25:58]} 13. Nf4 {[%clk 1:05:57]} Qf5
{[%clk 1:25:42]} 14. Qb1 {[%clk 1:04:40]} Nc4 {[%clk 1:23:00]} 15. Bxe4
{[%clk 1:04:34]} Qb5 {[%clk 1:23:17]} 16. Bd3 {[%clk 1:04:25]} Qb4
{[%clk 1:20:20]} 17. Nd5 {[%clk 1:02:18]} Qb5 {[%clk 1:13:24]} 18. Nxe7+
{[%clk 1:01:39]} Kh8 {[%clk 1:12:24]} 19. Nxc8 {[%clk 1:01:24]} Raxc8
{[%clk 1:12:38]} 20. b3 {[%clk 1:01:41]} 1-0